Plant biotechnology (Record no. 166300)

MARC details
000 -LEADER
fixed length control field 00369nam a2200145Ia 4500
008 - FIXED-LENGTH DATA ELEMENTS--GENERAL INFORMATION
fixed length control field 230917s9999||||xx |||||||||||||| ||und||
040 ## - CATALOGING SOURCE
-- 214504
Original cataloging agency VIVEKANANDA LIBRARY
041 ## - Language
-- English
082 ## - DDC NUMBER
Classification number 660.602458 F262P
100 ## - MAIN ENTRY--PERSONAL NAME
Personal name Fasella, Paolo
245 #0 - TITLE STATEMENT
Title Plant biotechnology
260 ## - PUBLICATION, DISTRIBUTION, ETC. (IMPRINT)
Place of publication, distribution, etc New Delhi
Name of publisher, distributor, etc Scientific International
Date of publication, distribution, etc 2014
300 ## - PHYSICAL DESCRIPTION
Pages xxiv, 499 p.
942 ## - ADDED ENTRY ELEMENTS (KOHA)
Koha item type Books
Holdings
Withdrawn status Lost status Damaged status Not for loan Location (home branch) Sublocation or collection (holding branch) Date acquired Koha issues (times borrowed) Koha full call number Accession No. Koha date last seen Koha item type Shelving location
        VIVEKANANDA LIBRARY VIVEKANANDA LIBRARY 19/02/2015 1 660.602458 F262P 309235 26/02/2024 Books  
        VIVEKANANDA LIBRARY VIVEKANANDA LIBRARY 19/02/2015   660.602458 F262P 335630 17/09/2023 Books  
        VIVEKANANDA LIBRARY VIVEKANANDA LIBRARY 19/02/2015   660.602458 F262P 339627 17/09/2023 Books UIET Library
        VIVEKANANDA LIBRARY VIVEKANANDA LIBRARY 19/02/2015   660.602458 F262P 339628 17/09/2023 Books UIET Library
        VIVEKANANDA LIBRARY VIVEKANANDA LIBRARY 19/02/2015   660.602458 F262P 339629 17/09/2023 Books UIET Library
        VIVEKANANDA LIBRARY VIVEKANANDA LIBRARY 19/02/2015   660.602458 F262P 339630 17/09/2023 Books UIET Library
        VIVEKANANDA LIBRARY VIVEKANANDA LIBRARY 19/02/2015   660.602458 F262P 339631 17/09/2023 Books UIET Library
        VIVEKANANDA LIBRARY VIVEKANANDA LIBRARY 19/02/2015   660.602458 F262P 339632 17/09/2023 Books UIET Library
        VIVEKANANDA LIBRARY VIVEKANANDA LIBRARY 19/02/2015   660.602458 F262P 339633 17/09/2023 Books UIET Library
        VIVEKANANDA LIBRARY VIVEKANANDA LIBRARY 19/02/2015   660.602458 F262P 339634 17/09/2023 Books UIET Library
        VIVEKANANDA LIBRARY VIVEKANANDA LIBRARY 19/02/2015   660.602458 F262P 339635 17/09/2023 Books UIET Library
        VIVEKANANDA LIBRARY VIVEKANANDA LIBRARY 19/02/2015   660.602458 F262P 339636 17/09/2023 Books UIET Library
© Designed and Maintained by Vivekananda Library, MDU Rohtak